00684 2200229 4500001002100000005001700021008004100038035002400079082001100103090002100114100002000135245008500155260008200240300001800322500002600340650002200366850001500388980001500403985000600418999001500424999001500439YOGYA-0209000003396520090227024836.0 ind  0010-020900000033965 a959.87 a959.87bUne PlT aUNEPUTTY, T.J.A aPerwujudan pela dalam kehidupan sosial budaya masyarakat MalukucT.J.A. Uneputty aAmbonbBagian Proyek Pengkajian dan Pembinaan Nilai-nilai Budaya Malukuc1996 a65 hlmc21 cm aBibliografi : hlm. 65 aKebudayaan Maluku aYOPDYOG(B) a02-10-2006 a2 a98A0030357 a98A0030358